|
|
|
|
| LEADER |
01516nam a2200361 i 4500 |
| 001 |
36695 |
| 003 |
BD-DhAAL |
| 005 |
20211122120506.0 |
| 008 |
191121t2014 enka b 001 0 eng d |
| 999 |
|
|
|c 41557
|d 41557
|
| 010 |
|
|
|a 2013050335
|
| 020 |
|
|
|a 9781107070646 (Hardback)
|
| 020 |
|
|
|a 9781107637993 (Paperback)
|
| 040 |
|
|
|a DLC
|b eng
|c DLC
|e rda
|d DLC
|d BD-DhAAL
|
| 042 |
|
|
|a pcc
|
| 050 |
0 |
0 |
|a P121
|b .I58 2014
|
| 082 |
0 |
0 |
|a 410
|2 23
|
| 245 |
0 |
3 |
|a An introduction to language and linguistics /
|c Edited by Ralph Fasold and Jeffrey Connor-Linton.
|
| 250 |
|
|
|a Second Edition.
|
| 264 |
|
1 |
|a Cambridge :
|b Cambridge University Press,
|c 2014.
|
| 300 |
|
|
|a xvi, 557 pages :
|b illustrations ;
|c 25 cm
|
| 504 |
|
|
|a Includes bibliographical references (pages 535-550) and index.
|
| 526 |
|
|
|a ENH
|
| 541 |
|
|
|a Trim Education
|e 36695, 36696
|
| 650 |
|
0 |
|a Linguistics.
|9 37542
|
| 650 |
|
0 |
|a Language and languages.
|9 37543
|
| 650 |
|
0 |
|a English language.
|9 42983
|
| 700 |
1 |
|
|a Fasold, Ralph W.
|9 37544
|
| 700 |
1 |
|
|a Connor-Linton, Jeff
|9 37545
|
| 852 |
|
|
|a Ayesha Abed Library
|c General Stacks
|
| 942 |
|
|
|2 ddc
|c BK
|
| 952 |
|
|
|0 0
|1 0
|2 ddc
|4 0
|6 410_000000000000000_INT
|7 0
|9 67129
|a BRACUL
|b BRACUL
|c GEN
|d 2019-11-13
|e Trim Education
|g 4030.00
|l 0
|o 410 INT
|p 3010036696
|r 2019-11-13
|t 2
|v 4030.00
|w 2019-11-13
|y BK
|
| 952 |
|
|
|0 0
|1 0
|2 ddc
|4 0
|6 410_000000000000000_INT
|7 0
|9 67130
|a BRACUL
|b BRACUL
|c GEN
|d 2019-11-13
|e Trim Education
|g 4030.00
|l 3
|m 33
|o 410 INT
|p 3010036695
|r 2026-05-16
|s 2026-04-25
|t 1
|v 4030.00
|w 2019-11-13
|y BK
|x Koha Inventory 2020
|